<?xml version='1.0' encoding='UTF-8'?>
  <record xmlns="http://www.loc.gov/MARC21/slim">
    <leader>00000cam a22000007i 4500</leader>
    <controlfield tag="001">ocm67938678</controlfield>
    <controlfield tag="003">OCoLC</controlfield>
    <controlfield tag="005">20250201023458.4</controlfield>
    <controlfield tag="008">990204s1779    ne            000 0 dut d</controlfield>
    <datafield tag="040" ind1=" " ind2=" ">
      <subfield code="a">NLGGC</subfield>
      <subfield code="b">dut</subfield>
      <subfield code="e">fobidrtb</subfield>
      <subfield code="c">NLGGC</subfield>
      <subfield code="d">OCLCL</subfield>
      <subfield code="d">OCLCQ</subfield>
    </datafield>
    <datafield tag="029" ind1="0" ind2=" ">
      <subfield code="a">NLGGC</subfield>
      <subfield code="b">18016502X</subfield>
    </datafield>
    <datafield tag="035" ind1=" " ind2=" ">
      <subfield code="a">(OCoLC)67938678</subfield>
    </datafield>
    <datafield tag="100" ind1="1" ind2=" ">
      <subfield code="a">Andringa, Jan Ruth van.</subfield>
    </datafield>
    <datafield tag="245" ind1="1" ind2="0">
      <subfield code="a">Aanmerkingen over de oorzaaken van den eigenlijken en kwaaden droes der paarden, en betoog dat de laatste niet ongeneeslijk is /</subfield>
      <subfield code="c">door Jan Ruth van Andringa.</subfield>
    </datafield>
    <datafield tag="246" ind1="3" ind2=" ">
      <subfield code="a">Nieuwe uitvindingen, ontdekkingen en verbeteringen, betrekkelijk tot verscheiden konsten en weetenschappen</subfield>
    </datafield>
    <datafield tag="260" ind1=" " ind2=" ">
      <subfield code="a">[Te Leyden] :</subfield>
      <subfield code="b">[J. van Tiffelen en B. Onnekink],</subfield>
      <subfield code="c">1779.</subfield>
    </datafield>
    <datafield tag="300" ind1=" " ind2=" ">
      <subfield code="a">P. 117-125. ;</subfield>
      <subfield code="c">23 cm.</subfield>
    </datafield>
    <datafield tag="336" ind1=" " ind2=" ">
      <subfield code="a">tekst</subfield>
      <subfield code="b">txt</subfield>
      <subfield code="2">rdacontent/dut</subfield>
    </datafield>
    <datafield tag="337" ind1=" " ind2=" ">
      <subfield code="a">zonder medium</subfield>
      <subfield code="b">n</subfield>
      <subfield code="2">rdamedia/dut</subfield>
    </datafield>
    <datafield tag="338" ind1=" " ind2=" ">
      <subfield code="a">band</subfield>
      <subfield code="b">nc</subfield>
      <subfield code="2">rdacarrier/dut</subfield>
    </datafield>
    <datafield tag="500" ind1=" " ind2=" ">
      <subfield code="a">Koptitel: Nieuwe uitvindingen, ontdekkingen en verbeteringen, betrekkelijk tot verscheiden konsten en weetenschappen.</subfield>
    </datafield>
    <datafield tag="500" ind1=" " ind2=" ">
      <subfield code="a">Uit: Genees-, natuur- en huishoud-kundig kabinet ... / uitg. door J. Voegen van Engelen. Dl. 1 (1779).</subfield>
    </datafield>
    <datafield tag="758" ind1=" " ind2=" ">
      <subfield code="a">Aanmerkingen over de oorzaaken van den eigenlijken en kwaaden droes der paarden, en betoog dat de laatste niet ongeneeslijk is (Text)</subfield>
      <subfield code="1">https://id.oclc.org/worldcat/entity/E39PCGyhVtRpG3t3b8WhPqfJ8P</subfield>
      <subfield code="4">https://id.oclc.org/worldcat/ontology/hasWork</subfield>
    </datafield>
    <datafield tag="776" ind1="0" ind2=" ">
      <subfield code="t">Aanmerkingen over de oorzaaken van den eigenlijken en kwaaden droes der paarden, en betoog dat de laatste niet ongeneeslijk is</subfield>
      <subfield code="w">(NL-LeOCL)426132920</subfield>
    </datafield>
    <datafield tag="936" ind1=" " ind2=" ">
      <subfield code="a">BATCHLOAD</subfield>
    </datafield>
  </record>